MARC

LEADER 00000nas a2200000 a 4500
001 ssj0008725
003 WaSeSS
005 20200512172242.0
006 m d
007 cr n
008 820506c19569999caudn nes 0 a0eng c
010 |a sn 82002496  
022 |l 0744-5830  |y 0744-5830 
032 |a 026820  |b USPS 
035 |a (WaSeSS)ssj0008725 
037 |b Antelope Valley Newspapers, Inc., 37404 Sierra Highway, Palmdale, CA 93550 
040 |a NSD  |b eng  |c NSD  |d CNK  |d OCLCQ  |d CNK  |d OCLCQ  |d OCLCF  |d OCLCO  |d OCLCQ  |d WaSeSS 
042 |a nsdp  |a pcc 
043 |a n-us-ca 
222 0 |a Antelope Valley press 
245 0 0 |a Antelope Valley press  |h [electronic resource]. 
246 3 |a Valley press 
246 1 |i Published as:  |a Antelope Valley press and ledger-gazette  |f July 7-8, 1983 
260 |a Palmdale, Calif. :  |b James W. Metcalfe 
310 |a Daily (except Mon.),  |b Oct. 3, 1992- 
321 |a Frequency varies,  |b Apr. 1956-Oct 2, 1992 
362 0 |a Vol. 34th year, no. 45 (Apr. 12,1956)- 
500 |a "Antelope" appears in small type above "Valley press." 
500 |a "Including Ledger-Gazette" appears in small type below masthead title, July 10, 1983-May 16, 1990. 
500 |a Also published North Valley ed., Apr. 1965-Oct. 1974. 
506 |a License restrictions may limit access. 
651 0 |a Antelope Valley (Calif.)  |v Newspapers. 
651 7 |a California  |z Antelope Valley.  |2 fast  |0 (OCoLC)fst01239995 
655 0 |a Electronic journals. 
752 |a United States  |b California  |c Los Angeles  |d Palmdale. 
775 0 |t Antelope Valley press (Lancaster, Calif. : North Valley ed.)  |w (DLC)sn 97060405 
780 0 0 |t South Antelope Valley press (Palmdale, Calif. : 1952)  |w (DLC)sn 97060403 
780 0 5 |t Antelope Valley daily ledger-gazette (Lancaster, Calif. : 1978)  |w (DLC)sn2001060211 
856 4 0 |z Full text available from Research Library: 12/22/1991 to 08/07/1997  |u https://search.proquest.com/publication/46938